000 00513nam a2200193 a 4500
001 1774864342137
003 YourLibrary
005 20260330152418.0
008 260330s2004##################000#0#eng##
020 _a9780333736173
082 0 4 _a351.1724
_bBAT
100 1 _aBatley, R.,
_eauthor.
245 1 0 _aThe Changing Role of Government :
260 _bPalgrave Macmillan,
_c2004.
300 _a260 pages
650 0 _aBusiness & Economics.
942 _cENGLISH
040 _aYourLibrary
_beng
_cYourLibrary
999 _c618270
_d618270